[Event "Gatineau op U1800"]
[Site "Gatineau"]
[Date "2014.03.??"]
[Round "5"]
[White "Arsenault, Yves"]
[Black "Kulenovic, Sasha"]
[Result "1/2-1/2"]
[WhiteElo "1616"]
[BlackElo "1516"]
[PlyCount "83"]
[EventDate "2014.02.??"]
[EventType "swiss"]
[EventRounds "5"]
[EventCountry "CAN"]
[SourceTitle "EXT 2022"]
[Source "ChessBase"]
[SourceDate "2021.10.06"]
[SourceVersion "1"]
[SourceVersionDate "2021.10.06"]
[SourceQuality "1"]

1. e4 c6 2. d4 d5 3. Nc3 dxe4 4. Nxe4 Bf5 5. Ng3 Bg6 6. Nf3 Nd7 7. Bd3 Bxd3 8. Qxd3 e6 9. 0-0 Ngf6 10. Re1 Be7 11. Bg5 0-0 12. Rad1 h6 13. Bxf6 Nxf6 14. c4 Qa5 15. a3 Rfd8 16. Ne4 Rd7 17. b4 Qc7 18. h3 Rad8 19. Qe3 Nxe4 20. Qxe4 Bf6 21. Rd3 b6 22. Red1 g6 23. Nh2 c5 24. bxc5 bxc5 25. d5 exd5 26. Rxd5 Rxd5 27. Rxd5 Rxd5 28. Qxd5 Qa5 29. Ng4 Bg7 30. Qf3 h5 31. Nh2 Bb2 32. Qa8+ Kg7 33. Nf3 Qxa3 34. Qd5 Bf6 35. Kh2 Qb4 36. g4 hxg4 37. hxg4 a5 38. g5 Bc3 39. Ne5 Bxe5+ 40. Qxe5+ Kg8 41. Qe8+ Kg7 42. Qe5+ 1/2-1/2

[Event "Gatineau op U1800"]
[Site "Gatineau"]
[Date "2014.03.??"]
[Round "4"]
[White "Kulenovic, Sasha"]
[Black "Selmani, Sam"]
[Result "1/2-1/2"]
[WhiteElo "1516"]
[BlackElo "1492"]
[PlyCount "87"]
[EventDate "2014.02.??"]
[EventType "swiss"]
[EventRounds "5"]
[EventCountry "CAN"]
[SourceTitle "EXT 2022"]
[Source "ChessBase"]
[SourceDate "2021.10.06"]
[SourceVersion "1"]
[SourceVersionDate "2021.10.06"]
[SourceQuality "1"]

1. e4 c5 2. Nf3 d6 3. Bb5+ Bd7 4. Bxd7+ Qxd7 5. 0-0 Nf6 6. Re1 Nc6 7. d4 cxd4 8. Nxd4 e6 9. Nc3 Be7 10. Bg5 0-0 11. f4 Rfe8 12. Nf3 a6 13. e5 dxe5 14. fxe5 Nd5 15. Bxe7 Ncxe7 16. Ne4 Qc7 17. Qe2 Red8 18. c4 Nf4 19. Qc2 Nd3 20. Neg5 Ng6 21. Re3 Qb6 22. c5 Qxc5 23. Qxc5 Nxc5 24. Re2 h6 25. Nh3 Rd5 26. Nf2 Nd7 27. Rae1 Rc8 28. h4 Rcc5 29. Ne4 Nf4 30. Nxc5 Nxe2+ 31. Rxe2 Rxc5 32. Kf2 Kf8 33. Ke1 Ke7 34. h5 f6 35. exf6+ gxf6 36. g4 Rc4 37. Rg2 e5 38. Nh4 Nc5 39. Nf5+ Ke6 40. Nxh6 Nd3+ 41. Kd1 Rd4 42. Rd2 Nxb2+ 43. Kc2 Rxd2+ 44. Kxd2 1/2-1/2